00313nam a2200133Ia 4500008004100000100003300041245003000074250001200104260001500116300000800131650001600139942000700155999001700162190216s9999||||xx |||||||||||||| ||und|| aKenney. Jf And Keeping . Es 0aMathematics Of Statistics a7th Ed. bNullc1965 a429 aMathematics cBK c30426d30426